Loading...
Theoretical principles of inorganic chemistry
| Main Author: | |
|---|---|
| Format: | Printed Book |
| Published: |
New Delhi
Tata McGraw-Hill
2006
|
| Subjects: |
| LEADER | 00521cam a2200169ua 4500 | ||
|---|---|---|---|
| 020 | |a 0-07-096500-5 | ||
| 082 | |a 546 |b MAN/T | ||
| 100 | 0 | |a Manku,G. S. | |
| 245 | 1 | 0 | |a Theoretical principles of inorganic chemistry |
| 260 | |a New Delhi |b Tata McGraw-Hill |c 2006 | ||
| 300 | |a 563p. | ||
| 500 | |a Includes index. | ||
| 650 | |a Inorganic Chemistry | ||
| 650 | 0 | |a Chemistry | |
| 942 | |c BK | ||
| 999 | |c 15380 |d 15380 | ||
| 952 | |0 0 |1 0 |4 0 |6 546_000000000000000_MANT |7 0 |9 16040 |a KUCL |b KUCL |d 2014-05-23 |l 2 |o 546 MAN/T |p 17704 |r 2017-04-28 |s 2017-03-02 |y BK | ||